|
|
|
|
| LEADER |
00000nab#a22000007a#4500 |
| 001 |
arbauad029304 |
| 003 |
AR-BaUAD |
| 005 |
20250711112355.0 |
| 008 |
971125|||||||||###||||||b###|0###a|spa|| |
| 040 |
|
|
|a AR-BaUAD
|c AR-BaUAD
|b spa
|
| 100 |
|
|
|a Morteo, Enrico
|
| 245 |
|
|
|a La regola e le eccezioni /
|c Enrico Morteo;
|
| 300 |
0 |
|
|b fot., il.
|
| 653 |
|
|
|a ITALIA
|
| 653 |
|
|
|a ESPACIO
|
| 653 |
|
|
|a MUEBLES
|
| 653 |
|
|
|a CAMPEGGI
|
| 653 |
|
|
|a SANTACHIARA, DENIS
|
| 653 |
|
|
|a TABURETES
|
| 653 |
|
|
|a CAMAS
|
| 653 |
|
|
|a ALIAS
|
| 653 |
|
|
|a HÄBERLI-MARCHAND
|
| 653 |
|
|
|a ESTANTERIAS
|
| 653 |
|
|
|a COMODAS
|
| 653 |
|
|
|a SAWAYA-MORONI
|
| 653 |
|
|
|a PLATT-YOUNG
|
| 653 |
|
|
|a ARMARIOS
|
| 653 |
|
|
|a DISEÑO INDUSTRIAL
|
| 773 |
0 |
|
|t INTERNI
|g no. 473 [set. 1997], p. 198-205
|
| 942 |
|
|
|c ARTI
|
| 952 |
|
|
|0 0
|1 0
|4 0
|7 0
|9 74223
|a AR-BAuAD
|b AR-BAuAD
|d 2025-07-11
|l 0
|p AAQA029304
|r 2025-07-11 11:23:55
|w 2025-07-11
|y ARTI
|
| 990 |
|
|
|a DI199
|b TD
|
| 998 |
|
|
|a AAQ
|b BIBUN76
|
| 999 |
|
|
|c 53896
|d 53896
|